Realitný trh v čase pandémie vo vzťahu k spotrebiteľskému marketingu bakalárska práca

Saved in:
Bibliographic Details
Main Author: Ostrihoň, Oliver
Corporate Author: Obchodná fakulta EU. Katedra marketingu
Other Authors: Vávra, Michal, 1996-
Format: Book
Language:Slovak
Published: Bratislava 2022
Tags: Add Tag
No Tags, Be the first to tag this record!

MARC

LEADER 00000nbm a2200000 4500
001 0285751
005 20230104084046.4
041 0 |a slo 
044 |a SK 
245 1 0 |a Realitný trh v čase pandémie vo vzťahu k spotrebiteľskému marketingu  |b bakalárska práca  |c Oliver Ostrihoň ; školiteľ: Michal Vávra 
264 1 |a Bratislava  |c 2022 
300 |a 62 s. 
100 1 |a Ostrihoň, Oliver 
700 1 |a Vávra, Michal, 1996- 
710 2 |a Obchodná fakulta EU. Katedra marketingu